<?xml version="1.0" encoding="UTF-8"?>
<record
    xmlns:xsi="http://www.w3.org/2001/XMLSchema-instance"
    xsi:schemaLocation="http://www.loc.gov/MARC21/slim http://www.loc.gov/standards/marcxml/schema/MARC21slim.xsd"
    xmlns="http://www.loc.gov/MARC21/slim">

  <leader>02579nam0a2200433 i 4500</leader>
  <controlfield tag="001">RU\NLR\BIBL_A\010478033</controlfield>
  <controlfield tag="005">20260406005346.0</controlfield>
  <datafield tag="010" ind1=" " ind2=" ">
    <subfield code="a">9785790101243</subfield>
    <subfield code="9">500</subfield>
  </datafield>
  <datafield tag="021" ind1=" " ind2=" ">
    <subfield code="a">RU</subfield>
    <subfield code="b">14-55564</subfield>
  </datafield>
  <datafield tag="035" ind1=" " ind2=" ">
    <subfield code="a">(NILC)RuMoRGB-007530063</subfield>
  </datafield>
  <datafield tag="035" ind1=" " ind2=" ">
    <subfield code="a">(NLR Aleph) 010478033</subfield>
  </datafield>
  <datafield tag="090" ind1=" " ind2=" ">
    <subfield code="a">10053751</subfield>
    <subfield code="c">10053751</subfield>
  </datafield>
  <datafield tag="100" ind1=" " ind2=" ">
    <subfield code="a">20141016d2013    km y0rusy50      ca</subfield>
  </datafield>
  <datafield tag="101" ind1="0" ind2=" ">
    <subfield code="a">rus</subfield>
    <subfield code="d">eng</subfield>
    <subfield code="e">eng</subfield>
  </datafield>
  <datafield tag="102" ind1=" " ind2=" ">
    <subfield code="a">RU</subfield>
  </datafield>
  <datafield tag="105" ind1=" " ind2=" ">
    <subfield code="a">y|||z|||000yy</subfield>
  </datafield>
  <datafield tag="200" ind1="1" ind2=" ">
    <subfield code="a">&#x41F;&#x430;&#x442;&#x43E;&#x43C;&#x43E;&#x440;&#x444;&#x43E;&#x43B;&#x43E;&#x433;&#x438;&#x44F; &#x438;&#x441;&#x43A;&#x443;&#x441;&#x441;&#x442;&#x432;&#x435;&#x43D;&#x43D;&#x43E;&#x433;&#x43E; &#x43F;&#x438;&#x449;&#x435;&#x432;&#x43E;&#x434;&#x430; &#x43F;&#x440;&#x438; &#x43F;&#x43B;&#x430;&#x441;&#x442;&#x438;&#x43A;&#x435; &#x442;&#x43E;&#x43B;&#x441;&#x442;&#x43E;&#x439; &#x43A;&#x438;&#x448;&#x43A;&#x43E;&#x439;</subfield>
    <subfield code="d">Pathomorphology of artificial esophagus after colonic esophagoplasty</subfield>
    <subfield code="f">&#x413;.&#x410;. &#x41B;&#x430;&#x43F;&#x438;&#x439;, &#x41B;.&#x41C;. &#x41D;&#x435;&#x43F;&#x43E;&#x43C;&#x43D;&#x44F;&#x449;&#x438;&#x445;, &#x42E;.&#x412;. &#x427;&#x438;&#x43A;&#x438;&#x43D;&#x435;&#x432;, &#x420;.&#x412;. &#x413;&#x43E;&#x432;&#x43E;&#x440;&#x43A;&#x43E;&#x432;</subfield>
    <subfield code="g">&#x420;&#x43E;&#x441;. &#x430;&#x43A;&#x430;&#x434;. &#x43C;&#x435;&#x434;. &#x43D;&#x430;&#x443;&#x43A;</subfield>
    <subfield code="z">eng</subfield>
  </datafield>
  <datafield tag="210" ind1=" " ind2=" ">
    <subfield code="a">&#x41C;&#x43E;&#x441;&#x43A;&#x432;&#x430;</subfield>
    <subfield code="c">&#x418;&#x437;-&#x432;&#x43E; &#x420;&#x410;&#x41C;&#x41D;</subfield>
    <subfield code="d">2013</subfield>
  </datafield>
  <datafield tag="215" ind1=" " ind2=" ">
    <subfield code="a">239 &#x441;.</subfield>
    <subfield code="c">&#x438;&#x43B;., &#x446;&#x432;. &#x438;&#x43B;.</subfield>
    <subfield code="d">22</subfield>
  </datafield>
  <datafield tag="300" ind1=" " ind2=" ">
    <subfield code="a">&#x410;&#x432;&#x442;. &#x442;&#x430;&#x43A;&#x436;&#x435; &#x43D;&#x430; &#x430;&#x43D;&#x433;&#x43B;. &#x44F;&#x437;.: G.A. Lapii, L.M. Nepomnyashchikh, Yu.V. Chikinev, R.V. Govorkov</subfield>
  </datafield>
  <datafield tag="300" ind1=" " ind2=" ">
    <subfield code="a">&#x41D;&#x430; &#x43E;&#x431;&#x43E;&#x440;&#x43E;&#x442;&#x435; &#x442;&#x438;&#x442;. &#x43B;. &#x430;&#x432;&#x442;.: &#x41B;&#x430;&#x43F;&#x438;&#x439; &#x413;.&#x410;. - &#x434;.&#x43C;.&#x43D;., &#x43F;&#x440;&#x43E;&#x444;., &#x41D;&#x435;&#x43F;&#x43E;&#x43C;&#x43D;&#x44F;&#x449;&#x438;&#x445; &#x41B;.&#x41C;. - &#x437;&#x430;&#x441;&#x43B;. &#x434;&#x435;&#x44F;&#x442;. &#x43D;&#x430;&#x443;&#x43A;&#x438; &#x420;&#x424;, &#x447;&#x43B;.-&#x43A;&#x43E;&#x440;. &#x420;&#x410;&#x41C;&#x41D;, &#x434;.&#x43C;.&#x43D;., &#x43F;&#x440;&#x43E;&#x444;., &#x427;&#x438;&#x43A;&#x438;&#x43D;&#x435;&#x432; &#x42E;.&#x412;. - &#x434;.&#x43C;.&#x43D;., &#x43F;&#x440;&#x43E;&#x444;., &#x413;&#x43E;&#x432;&#x43E;&#x440;&#x43A;&#x43E;&#x432; &#x420;.&#x412;. - &#x43A;.&#x43C;.&#x43D;., &#x432;&#x440;&#x430;&#x447;-&#x445;&#x438;&#x440;&#x443;&#x440;&#x433;</subfield>
  </datafield>
  <datafield tag="300" ind1=" " ind2=" ">
    <subfield code="a">&#x420;&#x435;&#x437;. &#x43D;&#x430; &#x430;&#x43D;&#x433;&#x43B;. &#x44F;&#x437;.</subfield>
  </datafield>
  <datafield tag="320" ind1=" " ind2=" ">
    <subfield code="a">&#x411;&#x438;&#x431;&#x43B;&#x438;&#x43E;&#x433;&#x440;.: &#x441;. 151-176</subfield>
  </datafield>
  <datafield tag="510" ind1="1" ind2=" ">
    <subfield code="a">Pathomorphology of artificial esophagus after colonic esophagoplasty</subfield>
    <subfield code="z">eng</subfield>
  </datafield>
  <datafield tag="606" ind1="1" ind2=" ">
    <subfield code="a">&#x41F;&#x438;&#x449;&#x435;&#x432;&#x43E;&#x434; &#x438;&#x441;&#x43A;&#x443;&#x441;&#x441;&#x442;&#x432;&#x435;&#x43D;&#x43D;&#x44B;&#x439;</subfield>
    <subfield code="x">&#x411;&#x43E;&#x43B;&#x435;&#x437;&#x43D;&#x438;</subfield>
    <subfield code="x">&#x41F;&#x430;&#x442;&#x43E;&#x43B;&#x43E;&#x433;&#x438;&#x447;&#x435;&#x441;&#x43A;&#x430;&#x44F; &#x43C;&#x43E;&#x440;&#x444;&#x43E;&#x43B;&#x43E;&#x433;&#x438;&#x44F;</subfield>
    <subfield code="9">2117154</subfield>
    <subfield code="3">RU\NLR\AUTH\661582436</subfield>
  </datafield>
  <datafield tag="606" ind1="1" ind2=" ">
    <subfield code="a">&#x41F;&#x438;&#x449;&#x435;&#x432;&#x43E;&#x434;</subfield>
    <subfield code="x">&#x41F;&#x43B;&#x430;&#x441;&#x442;&#x438;&#x447;&#x435;&#x441;&#x43A;&#x430;&#x44F; &#x445;&#x438;&#x440;&#x443;&#x440;&#x433;&#x438;&#x44F;</subfield>
    <subfield code="x">&#x41F;&#x440;&#x438;&#x43C;&#x435;&#x43D;&#x435;&#x43D;&#x438;&#x435; &#x442;&#x440;&#x430;&#x43D;&#x441;&#x43F;&#x43B;&#x430;&#x43D;&#x442;&#x430;&#x442;&#x43E;&#x432; &#x442;&#x43E;&#x43B;&#x441;&#x442;&#x43E;&#x439; &#x43A;&#x438;&#x448;&#x43A;&#x438;</subfield>
    <subfield code="x">&#x41E;&#x441;&#x43B;&#x43E;&#x436;&#x43D;&#x435;&#x43D;&#x438;&#x44F;</subfield>
    <subfield code="9">2202466</subfield>
    <subfield code="3">RU\NLR\AUTH\6601558155</subfield>
  </datafield>
  <datafield tag="610" ind1="0" ind2=" ">
    <subfield code="a">&#x44D;&#x437;&#x43E;&#x444;&#x430;&#x433;&#x43E;&#x43F;&#x43B;&#x430;&#x441;&#x442;&#x438;&#x43A;&#x430; &#x442;&#x43E;&#x43B;&#x441;&#x442;&#x43E;&#x439; &#x43A;&#x438;&#x448;&#x43A;&#x43E;&#x439;</subfield>
  </datafield>
  <datafield tag="610" ind1="0" ind2=" ">
    <subfield code="a">&#x43F;&#x438;&#x449;&#x435;&#x432;&#x43E;&#x434; &#x438;&#x441;&#x43A;&#x443;&#x441;&#x441;&#x442;&#x432;&#x435;&#x43D;&#x43D;&#x44B;&#x439;, &#x431;&#x43E;&#x43B;&#x435;&#x437;&#x43D;&#x438;</subfield>
  </datafield>
  <datafield tag="686" ind1="1" ind2=" ">
    <subfield code="a">&#x420;413.1-2</subfield>
  </datafield>
  <datafield tag="686" ind1="1" ind2=" ">
    <subfield code="a">&#x420;457.345.31-99</subfield>
  </datafield>
  <datafield tag="701" ind1=" " ind2="1">
    <subfield code="8">rus</subfield>
    <subfield code="7">ca</subfield>
    <subfield code="a">&#x41B;&#x430;&#x43F;&#x438;&#x439;</subfield>
    <subfield code="b">&#x413;. &#x410;.</subfield>
    <subfield code="g">&#x413;&#x430;&#x43B;&#x438;&#x43D;&#x430; &#x410;&#x43D;&#x430;&#x442;&#x43E;&#x43B;&#x44C;&#x435;&#x432;&#x43D;&#x430;</subfield>
    <subfield code="3">RU\NLR\AUTH\77114842</subfield>
    <subfield code="9">97767</subfield>
  </datafield>
  <datafield tag="701" ind1=" " ind2="1">
    <subfield code="8">rus</subfield>
    <subfield code="7">ca</subfield>
    <subfield code="a">&#x41D;&#x435;&#x43F;&#x43E;&#x43C;&#x43D;&#x44F;&#x449;&#x438;&#x445;</subfield>
    <subfield code="b">&#x41B;. &#x41C;.</subfield>
    <subfield code="f">1937-</subfield>
    <subfield code="g">&#x41B;&#x435;&#x432; &#x41C;&#x43E;&#x438;&#x441;&#x435;&#x435;&#x432;&#x438;&#x447;</subfield>
    <subfield code="3">RU\NLR\AUTH\7734323</subfield>
    <subfield code="9">17327</subfield>
  </datafield>
  <datafield tag="701" ind1=" " ind2="1">
    <subfield code="a">&#x427;&#x438;&#x43A;&#x438;&#x43D;&#x435;&#x432;</subfield>
    <subfield code="b">&#x42E;. &#x412;.</subfield>
    <subfield code="g">&#x42E;&#x440;&#x438;&#x439; &#x412;&#x43B;&#x430;&#x434;&#x438;&#x43C;&#x438;&#x440;&#x43E;&#x432;&#x438;&#x447;</subfield>
  </datafield>
  <datafield tag="701" ind1=" " ind2="1">
    <subfield code="a">&#x413;&#x43E;&#x432;&#x43E;&#x440;&#x43A;&#x43E;&#x432;</subfield>
    <subfield code="b">&#x420;. &#x412;.</subfield>
    <subfield code="g">&#x420;&#x43E;&#x43C;&#x430;&#x43D; &#x412;&#x43B;&#x430;&#x434;&#x438;&#x43C;&#x438;&#x440;&#x43E;&#x432;&#x438;&#x447;</subfield>
  </datafield>
  <datafield tag="801" ind1=" " ind2="0">
    <subfield code="a">RU</subfield>
    <subfield code="b">&#x420;&#x413;&#x411;</subfield>
    <subfield code="c">20140805</subfield>
    <subfield code="g">RCR</subfield>
  </datafield>
  <datafield tag="942" ind1=" " ind2=" ">
    <subfield code="c">BOOK</subfield>
  </datafield>
  <datafield tag="980" ind1=" " ind2=" ">
    <subfield code="a">NBR</subfield>
  </datafield>
</record>
